| 000 | 00817cam a2200217 4500 | ||
|---|---|---|---|
| 001 | WB3648-01 | ||
| 008 | 000000n2000 000 0 eng u | ||
| 035 | _a(Sirsi) u109749 | ||
| 245 | _aCompanies shun Constructionline | ||
| 260 | _c2000 | ||
| 490 |
_aBuilding _v265(8164) 1 December 2000, 10(1) |
||
| 520 | _aFigures obtained by Building suggest that the government's vetting scheme, Constructionline, is in crisis. Fewer than 9,000 companies have signed on, 36% of the 25,000 target. Suggests that part of the problem has been the lack of commitment from the public sector to take it up. | ||
| 590 | _aWB | ||
| 650 | _aCONSTRUCTIONLINE | ||
| 650 | _aCONSTRUCTION SERVICES | ||
| 650 | _aAPPROVED CONTRACTORS | ||
| 650 | _aCONSULTANTS | ||
| 650 | _aDETR | ||
| 690 | _aBUILT ENVIRONMENT | ||
| 942 | _n0 | ||
| 999 |
_c65503 _d65503 |
||